Logos de marques par lettre - V - Statistiques

Statistiques générales
  • Ce quiz a été pris 26 861 fois
  • Le résultat moyen est 12 sur 16
Statistiques - réponses
Par images Hint Réponse % Correct
Automobile Volvo
98%
Vente en ligne Vinted
96%
Alimentaire Vache qui rit
94%
Boisson Volvic
94%
Finance Visa
91%
Automobile Volkswagen
91%
Boisson Vittel
87%
Mode Vans
86%
Radio Virgin Radio
84%
Produit ménager Vanish
78%
Construction Vinci
75%
Mode Versace
69%
Lecteur multimédia VLC Media player
59%
Vidéo Vine
56%
Télécommunication Vodafone
42%
Mode Victoria's secret
39%
Aucun quiz correspondant
Distribution des résultats
% des personnes avec chaque résultat
Percentile par nombre de réponses
Votre historique - résultats
Vous n’avez pas pris ce quiz